000
00229nam a2200097Ia 4500
008
170619s9999 xx 000 0 und d
100
_a
Kraus J D
245
0
_a
Electromagnetic with applications
260
_b
Mc Graw Hill
260
_c
1999
546
_a
ENGLISH
999
_c
17489
_d
17489